[Event "ROM-ch U16"]
[Site "Eforie Nord"]
[Date "2022.04.11"]
[Round "1"]
[White "Miron, Dimitrie"]
[Black "Creanga, Robert Ionut"]
[Result "0-1"]
[WhiteElo "1645"]
[BlackElo "2238"]
[PlyCount "93"]
[EventDate "2022.04.11"]
[EventType "swiss"]
[EventRounds "9"]
[EventCountry "ROU"]
[SourceTitle "EXT 2023"]
[Source "ChessBase"]
[SourceDate "2022.10.05"]
[SourceVersion "1"]
[SourceVersionDate "2022.10.05"]
[SourceQuality "1"]

1. e4 c5 2. Nf3 Nc6 3. Bb5 g6 4. Bxc6 dxc6 5. d3 Bg7 6. h3 Nf6 7. Nc3 0-0 8. Be3 b6 9. Qd2 e5 10. 0-0-0 Qd6 11. Bh6 a5 12. Bxg7 Kxg7 13. Nh2 h5 14. f4 exf4 15. Rdf1 Be6 16. Rxf4 Nd7 17. a4 Ne5 18. Nf3 Nxf3 19. Rxf3 Rad8 20. Ne2 Qe5 21. Qc3 Qxc3 22. bxc3 c4 23. Nd4 cxd3 24. cxd3 Bd7 25. Kd2 c5 26. Nb5 f5 27. exf5 Rxf5 28. Rxf5 Bxf5 29. d4 cxd4 30. Nxd4 Rd6 31. Ke3 Bd7 32. Ra1 Kf6 33. Ra2 Ke5 34. h4 Rf6 35. Nf3+ Kf5 36. Nh2 Re6+ 37. Kd3 Kf4 38. Nf3 Rd6+ 39. Ke2 Bg4 40. Kf2 Bxf3 41. gxf3 Rd3 42. Rb2 Rxf3+ 43. Kg2 Rxc3 44. Rxb6 Kg4 45. Rxg6+ Kxh4 46. Ra6 Rc5 47. Kg1 0-1